[Event "World Rapid 2025"]
[Site "Doha QAT"]
[Date "2025.12.27"]
[Round "7.32"]
[White "Ahmad, Khagan"]
[Black "Pichot, Alan"]
[Result "1/2-1/2"]
[WhiteTitle "IM"]
[BlackTitle "GM"]
[WhiteElo "2472"]
[BlackElo "2597"]
[WhiteFideId "13431552"]
[BlackFideId "110973"]
[EventDate "2025.12.26"]

1. e4 e5 2. Nf3 Nc6 3. Bb5 a6 4. Ba4 Nf6 5. O-O Be7 6. Re1 b5 7. Bb3 O-O 8. a4
b4 9. d4 d6 10. dxe5 Nxe5 11. Nxe5 dxe5 12. Qxd8 Rxd8 13. Nd2 Bc5 14. Nf3 Ng4
15. Be3 Bxe3 16. fxe3 Rd6 17. Rad1 Be6 18. h3 Nf6 19. Nxe5 Nxe4 20. Rd4 Nc5 21.
Bxe6 Rxe6 22. Nd7 Nxa4 23. Rxb4 Nb6 24. Rd1 h6 25. Nxb6 cxb6 26. Rd7 Rae8 27.
Rf4 f6 28. Rg4 R8e7 29. Rxe7 Rxe7 30. Kf2 Rc7 31. c3 Kf7 32. Ra4 a5 33. Ke2 Ke6
34. Kd3 Rc5 35. Rg4 Rd5+ 36. Kc2 g5 37. Rc4 Rf5 38. Rc6+ Ke5 39. Rxb6 Rf2+ 40.
Kd3 Rxg2 41. c4 h5 42. Rb5+ Ke6 43. Ke4 Rh2 44. Rxa5 Rxb2 45. Ra6+ Ke7 46. c5
Rc2 47. c6 Rd2 48. c7 Rc2 49. Kf5 Rc5+ 50. Kg6 Rxc7 51. Rxf6 g4 52. hxg4 hxg4
53. Rf4 Rc3 54. Rxg4 Rxe3 1/2-1/2

[Event "World Rapid 2025"]
[Site "Doha QAT"]
[Date "2025.12.27"]
[Round "7.33"]
[White "Sklokin, Sergey"]
[Black "Bai, Jinshi"]
[Result "0-1"]
[WhiteTitle "FM"]
[BlackTitle "GM"]
[WhiteElo "2407"]
[BlackElo "2599"]
[WhiteFideId "55730230"]
[BlackFideId "8602280"]
[EventDate "2025.12.26"]

1. e4 c5 2. Nf3 e6 3. d4 cxd4 4. Nxd4 Nc6 5. Nc3 a6 6. Nxc6 bxc6 7. Qf3 d5 8.
Qg3 h5 9. h4 Nf6 10. Be2 d4 11. e5 Nd7 12. Ne4 Qa5+ 13. c3 dxc3 14. Nxc3 Rb8 15.
O-O Nxe5 16. a3 f6 17. b4 Qc7 18. Bf4 Bd6 19. Kh1 Nf7 20. Bxd6 Qxd6 21. f4 O-O
22. Bxh5 Nh6 23. Rad1 Qe7 24. Bg6 a5 25. f5 e5 26. bxa5 Rb3 27. Qd3 Kh8 28. Qc4
Rxa3 29. Qxc6 Qb4 30. Ne4 Ra4 31. Qc5 Ba6 32. Qxb4 Rxb4 33. Rfe1 Ng4 34. Kg1 Bb7
35. Nd6 Ba8 36. Rd2 e4 37. Rde2 e3 38. Bh5 Kg8 39. g3 Rd8 40. Bxg4 Rxg4 41. Rxe3
Rxd6 42. Re8+ Kh7 43. Rxa8 Rxg3+ 44. Kf2 Rdd3 45. Re7 Rdf3+ 46. Ke2 Rxf5 47. a6
Ra5 48. a7 Ra2+ 49. Kf1 Rf3+ 50. Kg1 Rc3 51. Kf1 Rc1+ 52. Re1 Rcc2 53. Re7 Rc1+
54. Re1 Rc7 55. Re3 Rc4 56. h5 Rh4 57. Re2 Ra1+ 58. Kg2 Rxh5 59. Re7 Rha5 60.
Kf3 R5a4 61. Ke2 R1a3 62. Kd2 Rf3 63. Kc2 Rfa3 64. Kb2 Ra2+ 65. Kb3 R2a3+ 66.
Kb2 Ra6 67. Kc2 Ra2+ 68. Kc3 R2a3+ 69. Kc2 f5 70. Rf8 Rxa7 71. Rxa7 Rxa7 72.
Rxf5 Rd7 73. Rh5+ Kg6 74. Rh1 Rd5 75. Rg1+ Kf6 76. Rf1+ Ke6 77. Re1+ Kf5 78.
Rf1+ Ke4 79. Rg1 g5 80. Kc3 Kf3 81. Kc4 Ra5 82. Rf1+ Ke2 83. Rb1 g4 84. Kd4 Ra4+
85. Ke5 g3 86. Rb2+ Kf3 87. Kf5 Ra5+ 88. Kf6 g2 89. Rb3+ Kf2 90. Rb2+ Kg3 91.
Rb3+ Kh2 92. Rb2 Kh1 0-1

[Event "World Rapid 2025"]
[Site "Doha QAT"]
[Date "2025.12.27"]
[Round "7.34"]
[White "Nepomniachtchi, Ian"]
[Black "Meng, Yihan"]
[Result "1-0"]
[WhiteTitle "GM"]
[BlackTitle "IM"]
[WhiteElo "2723"]
[BlackElo "2456"]
[WhiteFideId "4168119"]
[BlackFideId "8631891"]
[EventDate "2025.12.26"]

1. c4 e5 2. g3 Nf6 3. Bg2 d5 4. cxd5 Nxd5 5. Nc3 Nb6 6. b3 Nc6 7. Bb2 Be7 8. Rc1
O-O 9. Nf3 Bf5 10. O-O Qd7 11. d3 Bh3 12. Ne4 Bxg2 13. Kxg2 f6 14. a3 a5 15. Nc5
Bxc5 16. Rxc5 Nd8 17. Qd2 a4 18. b4 Ne6 19. Rcc1 Rfd8 20. Rfd1 Qb5 21. Qc2 Rd6
22. d4 exd4 23. Nxd4 Nxd4 24. Bxd4 Rad8 25. e3 Nd5 26. Bc5 R6d7 27. e4 Nb6 28.
Bxb6 cxb6 29. Qa2+ Kh8 30. Qe6 h6 31. Rxd7 Qxd7 32. Qxb6 Qd3 33. Re1 Re8 34. Re3
Qd7 35. Qc5 Rc8 36. Qd5 Qc7 37. Rd3 Qe7 38. h4 Rc2 39. Qf5 Re2 40. Rd7 Qe8 41.
Qd5 Kh7 42. Qxb7 Qg6 43. Qd5 Rxe4 44. Rd8 Qg4 45. Qd3 Qg6 46. f3 1-0

[Event "World Rapid 2025"]
[Site "Doha QAT"]
[Date "2025.12.27"]
[Round "7.35"]
[White "Donchenko, Alexander"]
[Black "Duda, Jan-Krzysztof"]
[Result "1/2-1/2"]
[WhiteTitle "GM"]
[BlackTitle "GM"]
[WhiteElo "2661"]
[BlackElo "2729"]
[WhiteFideId "24603295"]
[BlackFideId "1170546"]
[EventDate "2025.12.26"]

1. d4 Nf6 2. c4 e6 3. Nc3 Bb4 4. e3 c5 5. Bd3 d5 6. cxd5 Nxd5 7. Ne2 cxd4 8.
exd4 Nc6 9. O-O O-O 10. a3 Bd6 11. Re1 Qh4 12. g3 Qh5 13. Nxd5 exd5 14. Bf4 Rd8
15. Qd2 Bf8 16. Bc7 Rd7 17. Ba5 g5 18. Bb4 Nxb4 19. axb4 Rd8 20. Nc3 Bh3 21. b5
h6 22. Be2 Qg6 23. Bf1 Bxf1 24. Kxf1 a6 25. Qe2 Bg7 26. Ra4 Qf5 27. Kg2 axb5 28.
Qxb5 Rac8 29. Qxb7 Rb8 30. Qe7 g4 31. Qe2 Rd6 32. Rd1 h5 33. Qd3 Qxd3 34. Rxd3
Rxb2 35. Ra2 Rb3 36. Rad2 Bh6 37. Ne2 Rb1 38. Ra2 Re6 39. h3 Kg7 40. hxg4 hxg4
41. f3 Re1 42. Kf2 Rh1 43. Kg2 Re1 44. Kf2 Rh1 45. Kg2 Re1 1/2-1/2

[Event "World Rapid 2025"]
[Site "Doha QAT"]
[Date "2025.12.27"]
[Round "7.36"]
[White "Mamedyarov, Shakhriyar"]
[Black "Kadric, Denis"]
[Result "1-0"]
[WhiteTitle "GM"]
[BlackTitle "GM"]
[WhiteElo "2730"]
[BlackElo "2543"]
[WhiteFideId "13401319"]
[BlackFideId "14403803"]
[EventDate "2025.12.26"]

1. c4 Nf6 2. Nc3 g6 3. d4 Bg7 4. g3 d6 5. Bg2 O-O 6. Nf3 Nbd7 7. O-O e5 8. e4
Re8 9. h3 b6 10. Re1 exd4 11. Nxd4 Bb7 12. Nc2 Nc5 13. f3 c6 14. g4 Nfd7 15. f4
Qh4 16. Re3 Rad8 17. Bd2 f5 18. exf5 gxf5 19. Qe1 Qxe1+ 20. Raxe1 Rxe3 21. Rxe3
fxg4 22. hxg4 Nf8 23. b4 Nce6 24. f5 Nd4 25. Re7 Rd7 26. Rxd7 Nxd7 27. Ne3 Ne5
28. Kf2 Ba6 29. Bf1 Bh6 30. Ne4 Bf4 31. Bc3 c5 32. Nxd6 Nxg4+ 33. Nxg4 Bxd6 34.
Bxd4 cxd4 35. c5 Bg3+ 36. Kxg3 Bxf1 37. c6 Ba6 38. Kf4 d3 39. Ke3 Kf7 40. a4 h5
41. Ne5+ Kf6 42. Nd7+ Kxf5 43. Nxb6 axb6 44. b5 h4 45. bxa6 1-0

[Event "World Rapid 2025"]
[Site "Doha QAT"]
[Date "2025.12.27"]
[Round "7.37"]
[White "Theodorou, Nikolas"]
[Black "Rapport, Richard"]
[Result "1/2-1/2"]
[WhiteTitle "GM"]
[BlackTitle "GM"]
[WhiteElo "2652"]
[BlackElo "2741"]
[WhiteFideId "4262875"]
[BlackFideId "738590"]
[EventDate "2025.12.26"]

1. d4 e6 2. c4 c5 3. d5 g6 4. Nc3 Bg7 5. e4 d6 6. Bd3 exd5 7. exd5 Nd7 8. Nf3
Qe7+ 9. Be3 Bd4 10. Qe2 Bxe3 11. Qxe3 Qxe3+ 12. fxe3 Nh6 13. h3 f6 14. Kd2 Nf7
15. h4 Nde5 16. Be2 Ke7 17. Nxe5 Nxe5 18. Raf1 Bd7 19. b3 h6 20. Ne4 Raf8 21.
Nf2 g5 22. Nd3 Ng6 23. h5 Ne5 24. Nxe5 fxe5 25. g4 e4 26. Kc3 Rxf1 27. Rxf1 Rf8
28. Rxf8 Kxf8 29. a4 Ke7 30. Bd1 Kd8 31. a5 Kc7 32. b4 b6 33. axb6+ Kxb6 34. b5
Kb7 35. Kb3 Kc7 36. Ka3 Kb6 37. Kb2 Ka5 38. Kb3 a6 39. bxa6 Kxa6 40. Kb2 Kb6 41.
Ka2 Bc8 42. Kb2 Ka5 43. Kb3 Bd7 44. Ka3 Ka6 45. Kb2 Kb6 46. Ka2 Be8 47. Bc2 Bd7
48. Bd1 1/2-1/2

[Event "World Rapid 2025"]
[Site "Doha QAT"]
[Date "2025.12.27"]
[Round "7.38"]
[White "Jumabayev, Rinat"]
[Black "Andreikin, Dmitry"]
[Result "0-1"]
[WhiteTitle "GM"]
[BlackTitle "GM"]
[WhiteElo "2560"]
[BlackElo "2710"]
[WhiteFideId "13702661"]
[BlackFideId "4158814"]
[EventDate "2025.12.26"]

1. Nf3 d5 2. b3 Bg4 3. e3 e5 4. h3 Bxf3 5. Qxf3 e4 6. Qd1 Qf6 7. Nc3 c6 8. Bb2
Nd7 9. Qg4 Nh6 10. Qe2 Bd6 11. O-O-O Qe7 12. g4 Ba3 13. f3 exf3 14. Qxf3 a5 15.
Rg1 a4 16. g5 Ng8 17. Qf4 axb3 18. cxb3 Bxb2+ 19. Kxb2 Qa3+ 20. Kc2 Ne7 21. h4
b5 22. Ra1 b4 23. Ne2 c5 24. Qd6 Ra6 25. Qc7 Rc6 26. Qb7 c4 27. bxc4 Qa4+ 28.
Kb2 Rxc4 29. Rc1 Qa3+ 30. Kb1 b3 31. axb3 Rb4 32. Qxb4 Qxb4 33. Nd4 O-O 0-1

[Event "World Rapid 2025"]
[Site "Doha QAT"]
[Date "2025.12.27"]
[Round "7.39"]
[White "Pranesh, M"]
[Black "Maghsoodloo, Parham"]
[Result "0-1"]
[WhiteTitle "GM"]
[BlackTitle "GM"]
[WhiteElo "2627"]
[BlackElo "2708"]
[WhiteFideId "35028600"]
[BlackFideId "12539929"]
[EventDate "2025.12.26"]

1. e4 c5 2. Nc3 d6 3. f4 g6 4. Nf3 Bg7 5. Bb5+ Bd7 6. Bc4 Nc6 7. d3 Na5 8. Bd2
Nf6 9. O-O O-O 10. Qe1 e6 11. e5 Ne8 12. Ne4 Nxc4 13. dxc4 Bc6 14. Bc3 Bxe4 15.
Qxe4 d5 16. Qe2 Nc7 17. Rad1 Qd7 18. h4 b5 19. cxd5 exd5 20. b4 Ne6 21. f5 Nf4
22. Qd2 Qxf5 23. bxc5 Qg4 24. Rb1 Bh6 25. Kh1 Qh5 26. Qf2 Ne6 27. Rb4 a5 28.
Rxb5 Qg4 29. Bd4 Bf4 30. Qg1 Bg3 31. Bf2 Qc4 32. Rb7 Bf4 33. h5 Rab8 34. Rb6
Qxc2 35. Nd4 Nxd4 36. Bxd4 Qf5 37. g3 Qe4+ 38. Kh2 Bxe5 39. Bxe5 Qe2+ 40. Qf2
Qxh5+ 41. Kg1 Qxe5 42. Re1 Qc3 43. Re7 Rbe8 44. Rbb7 Rxe7 45. Rxe7 d4 46. Re5 d3
47. Rd5 Re8 48. Qf3 Qd2 49. Rxd3 Re1+ 50. Qf1 Rxf1+ 0-1

[Event "World Rapid 2025"]
[Site "Doha QAT"]
[Date "2025.12.27"]
[Round "7.40"]
[White "Santos Latasa, Jaime"]
[Black "Pantsulaia, Levan"]
[Result "1/2-1/2"]
[WhiteTitle "GM"]
[BlackTitle "GM"]
[WhiteElo "2616"]
[BlackElo "2472"]
[WhiteFideId "2293307"]
[BlackFideId "13602071"]
[EventDate "2025.12.26"]

1. d4 d5 2. c4 e5 3. dxe5 Ne7 4. Nf3 Nbc6 5. e3 Bg4 6. Be2 Bxf3 7. gxf3 Nxe5 8.
cxd5 Qxd5 9. Qxd5 Nxd5 10. f4 Nc6 11. a3 g6 12. b4 Bg7 13. Ra2 O-O-O 14. O-O f5
15. Rd2 Nf6 16. Rc2 Ne4 17. Bf3 Rd7 18. Rd1 Rxd1+ 19. Bxd1 Nd8 20. Bf3 Nf7 21.
a4 Nfd6 22. b5 h6 23. Nd2 g5 24. Nxe4 Nxe4 25. fxg5 hxg5 26. Kg2 Be5 27. h3 Bd6
28. Bxe4 fxe4 29. Bb2 Rh6 30. Bd4 Kd7 31. Rc4 b6 32. Bc3 Re6 33. Bb4 Bxb4 34.
Rxb4 c5 35. bxc6+ Kxc6 36. Rb5 a6 37. Rxg5 b5 38. axb5+ axb5 39. f4 exf3+ 40.
Kxf3 b4 41. Ra5 Kb6 42. Rd5 Rh6 43. Ke2 1/2-1/2

[Event "World Rapid 2025"]
[Site "Doha QAT"]
[Date "2025.12.27"]
[Round "7.41"]
[White "Radjabov, Teimour"]
[Black "Urkedal, Frode Olav Olsen"]
[Result "1/2-1/2"]
[WhiteTitle "GM"]
[BlackTitle "GM"]
[WhiteElo "2692"]
[BlackElo "2568"]
[WhiteFideId "13400924"]
[BlackFideId "1506102"]
[EventDate "2025.12.26"]

1. d4 Nf6 2. Nf3 d5 3. Bf4 c5 4. dxc5 e6 5. e3 Bxc5 6. Nbd2 O-O 7. Bd3 Nc6 8.
O-O h6 9. Bg3 Be7 10. h3 Qb6 11. Rb1 Rd8 12. a3 Ne4 13. Bh2 Bf6 14. Qe2 Nxd2 15.
Nxd2 Ne5 16. Bb5 a6 17. Ba4 Qc5 18. c3 Bd7 19. Bxd7 Rxd7 20. Qh5 Nd3 21. Qe2 Ne5
22. Qh5 Nd3 23. Qe2 Ne5 1/2-1/2

[Event "World Rapid 2025"]
[Site "Doha QAT"]
[Date "2025.12.27"]
[Round "7.42"]
[White "Gurel, Ediz"]
[Black "Esipenko, Andrey"]
[Result "1/2-1/2"]
[WhiteTitle "GM"]
[BlackTitle "GM"]
[WhiteElo "2645"]
[BlackElo "2698"]
[WhiteFideId "44507356"]
[BlackFideId "24175439"]
[EventDate "2025.12.26"]

1. e4 e5 2. Nf3 Nf6 3. d4 Nxe4 4. Bd3 d5 5. Nxe5 Nd7 6. Nc3 Nxe5 7. dxe5 Nc5 8.
Nxd5 Nxd3+ 9. Qxd3 Be6 10. Nf4 Qxd3 11. Nxd3 O-O-O 12. Be3 Be7 13. O-O-O Rd5 14.
a3 Rhd8 15. f4 b6 16. Nf2 f6 17. exf6 Bxf6 18. Rhe1 Rxd1+ 19. Nxd1 Bd5 20. g3
Re8 21. Bd2 Rxe1 22. Bxe1 Bd4 23. Kd2 Kd7 24. b3 Ke6 25. Bf2 Bf6 26. Kd3 Bf3 27.
Ne3 h5 28. Be1 g6 29. a4 Be7 30. Bc3 a6 31. Nc4 Kf5 32. Be5 Be4+ 33. Kd2 Kg4 34.
Bxc7 b5 35. axb5 axb5 36. Nd6 Bc6 37. Kd3 Kh3 38. Nf7 Bd7 39. Bd6 Bxd6 40. Nxd6
Kxh2 41. Ne4 b4 42. c4 Bc6 43. c5 Kg2 44. Ke3 Bd5 45. Kd4 Bxb3 46. c6 Be6 47. c7
b3 48. Kc3 Bd7 49. Kxb3 Kf3 50. Nf6 Be6+ 51. Kc3 Kxg3 52. Kd4 Kxf4 53. Nd5+ Kf5
54. Ne7+ Kf6 55. c8=Q Bxc8 56. Nxc8 Kf5 57. Ke3 Ke5 1/2-1/2

[Event "World Rapid 2025"]
[Site "Doha QAT"]
[Date "2025.12.27"]
[Round "7.43"]
[White "Mitrabha, Guha"]
[Black "Bortnyk, Olexandr"]
[Result "1/2-1/2"]
[WhiteTitle "GM"]
[BlackTitle "GM"]
[WhiteElo "2508"]
[BlackElo "2601"]
[WhiteFideId "5057000"]
[BlackFideId "14120828"]
[EventDate "2025.12.26"]

1. Nf3 Nf6 2. c4 g6 3. g3 Bg7 4. Bg2 O-O 5. O-O d6 6. Nc3 Nc6 7. d3 a5 8. a3 Bg4
9. Rb1 Qc8 10. b4 axb4 11. axb4 Bh3 12. b5 Bxg2 13. Kxg2 Ne5 14. Nxe5 dxe5 15.
Bb2 Rd8 16. Qc2 c6 17. Ra1 Rxa1 18. Rxa1 h5 19. h4 Qe6 20. Ne4 Nxe4 21. dxe4 Bh6
22. e3 g5 23. hxg5 Bxg5 24. Qe2 Qg6 25. Qf3 Bf6 26. Ra7 cxb5 27. cxb5 Rd7 28.
Ra8+ Kh7 29. Rc8 Qg4 30. Rc5 Rd1 31. Qxg4 hxg4 32. Bc1 Kg6 33. Rc7 e6 34. Ba3
Rd3 35. Be7 b6 36. Bxf6 Kxf6 37. Rc6 Rb3 38. Rxb6 Rb4 39. Rb8 Rxe4 40. b6 Rb4
41. Rb7 Rb1 42. Kh2 e4 43. Kg2 Kg7 1/2-1/2

[Event "World Rapid 2025"]
[Site "Doha QAT"]
[Date "2025.12.27"]
[Round "7.44"]
[White "Martinez Alcantara, Jose Eduardo"]
[Black "Dudin, Gleb"]
[Result "1/2-1/2"]
[WhiteTitle "GM"]
[BlackTitle "GM"]
[WhiteElo "2667"]
[BlackElo "2585"]
[WhiteFideId "3805662"]
[BlackFideId "34184934"]
[EventDate "2025.12.26"]

1. b3 d5 2. Bb2 Nf6 3. Nf3 Bf5 4. g3 Nc6 5. Bg2 Qd7 6. c4 Bh3 7. O-O Bxg2 8.
Kxg2 O-O-O 9. d4 Ne4 10. Nc3 e6 11. Qd3 f5 12. Qe3 Be7 13. Rac1 Kb8 14. Rfd1 h6
15. Na4 Qe8 16. Nc5 Bg5 17. Nxg5 hxg5 18. Nxe4 Qh5 19. h4 fxe4 20. Rh1 gxh4 21.
Rxh4 Qg6 22. Rch1 Rxh4 23. Rxh4 Ne7 24. Rh1 Qg4 25. Rh4 Qg6 26. Rh1 Nf5 27. Qf4
b6 28. Rc1 Rd7 29. Rh1 Kb7 30. Qe5 Qg4 31. f3 Qg6 32. g4 exf3+ 33. exf3 Nd6 34.
Qe2 Rf7 35. c5 Nf5 36. b4 Qg5 37. c6+ Kxc6 38. Qxe6+ Nd6 39. Bc1 Qe7 40. b5+
Kxb5 41. Qxd5+ Ka6 42. Qe5 Qd7 43. Re1 Qc6 44. d5 Qc4 45. Qe2 Qxe2+ 46. Rxe2 Kb5
47. Re5 Kc4 48. Rg5 a5 49. Bb2 Ne8 50. Re5 Nd6 51. Rg5 Ne8 52. Re5 Nd6 53. Rg5 1/2-1/2

[Event "World Rapid 2025"]
[Site "Doha QAT"]
[Date "2025.12.27"]
[Round "7.45"]
[White "Harikrishna, Pentala"]
[Black "Gokerkan, Cem Kaan"]
[Result "1/2-1/2"]
[WhiteTitle "GM"]
[BlackTitle "GM"]
[WhiteElo "2693"]
[BlackElo "2510"]
[WhiteFideId "5007003"]
[BlackFideId "6336760"]
[EventDate "2025.12.26"]

1. e4 e5 2. Nf3 Nf6 3. Nc3 Nc6 4. Bb5 Nd4 5. O-O c6 6. Bd3 Nxf3+ 7. Qxf3 d6 8.
Bc4 Be7 9. a4 O-O 10. d3 Bg4 11. Qg3 Qd7 12. h3 Be6 13. Bh6 Nh5 14. Qf3 Nf6 15.
Bg5 h6 16. Bxf6 Bxf6 17. Bxe6 Qxe6 18. Qg4 Qe7 19. a5 g6 20. b4 h5 21. Qe2 a6
22. Na4 Qe6 23. c4 Be7 24. Rad1 Rad8 25. Qe3 f5 26. exf5 Rxf5 27. Qb6 Rd7 28.
Nc3 Bd8 29. Qe3 Bg5 30. Qe2 d5 31. cxd5 cxd5 32. Na4 Qc6 33. Nc5 Rdf7 34. Qa2
Kh7 35. Rde1 Bh4 36. Re2 Rf4 37. Qb2 Bf6 38. Qb3 Bh4 39. Qb2 Bf6 40. Qd2 Qb5 41.
Rb1 Qc6 42. Rc1 Qb5 43. Ne6 Rxb4 44. Nc7 Qxa5 45. Nxd5 Rb5 46. Nxf6+ Rxf6 47.
Qg5 Rf7 48. Rec2 e4 49. Qe3 exd3 50. Rc8 d2 51. Rh8+ Kg7 52. Qh6+ Kf6 53. Rd1
Rd5 54. Rg8 Ke7 55. Qh8 Qb6 56. Re8+ Kd7 57. Re2 Kc7 58. Rdxd2 Rxd2 59. Rxd2 Qf6
60. Qe8 Qe7 61. Rc2+ Kb6 62. Qb8 Rf5 63. Rc1 Rc5 64. Rb1+ Rb5 65. Rd1 Rc5 66.
Rb1+ Rb5 67. Rd1 Rc5 68. Rb1+ 1/2-1/2

[Event "World Rapid 2025"]
[Site "Doha QAT"]
[Date "2025.12.27"]
[Round "7.46"]
[White "Lu, Shanglei"]
[Black "Gan-Erdene, Sugar"]
[Result "1/2-1/2"]
[WhiteTitle "GM"]
[BlackTitle "IM"]
[WhiteElo "2643"]
[BlackElo "2444"]
[WhiteFideId "8603332"]
[BlackFideId "4902980"]
[EventDate "2025.12.26"]

1. e4 c5 2. Nf3 d6 3. d4 cxd4 4. Nxd4 Nf6 5. f3 e5 6. Nb3 Be6 7. c4 a5 8. Be3 a4
9. N3d2 Be7 10. Be2 O-O 11. Nc3 Qa5 12. O-O Bd8 13. Kh1 Nbd7 14. Nb5 Bb6 15.
Bxb6 Qxb6 16. Nb1 Rfc8 17. N1a3 Rc6 18. Qd2 Nf8 19. Rad1 Ng6 20. Rfe1 h5 21. Bf1
h4 22. Qe3 Qxe3 23. Rxe3 Rd8 24. Kg1 Kf8 25. Kf2 Ke7 26. Rc3 Nd7 27. Nc2 Nc5 28.
Ne3 Nf8 29. Ra3 g6 30. Nc3 Ra6 31. Rd2 f5 32. exf5 gxf5 33. Ncd5+ Kf7 34. Nc7
Rc6 35. Nxe6 Kxe6 36. g3 hxg3+ 37. hxg3 Ng6 38. Bh3 Ne7 39. Nd5 Rf8 40. Re3 Kf7
41. Kg2 Ne6 42. b3 Ng5 43. Nxe7 Kxe7 44. f4 Nxh3 45. Kxh3 e4 46. Rd5 axb3 47.
axb3 Rc5 48. Rd2 b5 49. Rd4 bxc4 50. bxc4 Rfc8 51. Rc3 d5 52. g4 Rxc4 53. Rcxc4
dxc4 54. gxf5 c3 55. Rxe4+ Kf6 56. Re1 Kxf5 57. Kg3 c2 58. Rc1 Ke4 59. f5 Kd3
60. Kf4 Kd2 61. Rxc2+ Kxc2 62. f6 Kd3 63. Ke5 Rf8 64. Ke6 Rxf6+ 65. Kxf6 1/2-1/2

[Event "World Rapid 2025"]
[Site "Doha QAT"]
[Date "2025.12.27"]
[Round "7.47"]
[White "Alekseenko, Kirill"]
[Black "Raja, Harshit"]
[Result "1/2-1/2"]
[WhiteTitle "GM"]
[BlackTitle "GM"]
[WhiteElo "2659"]
[BlackElo "2472"]
[WhiteFideId "4135539"]
[BlackFideId "5089000"]
[EventDate "2025.12.26"]

1. e4 c5 2. Nf3 d6 3. d4 cxd4 4. Nxd4 Nf6 5. Nc3 a6 6. Nb3 g6 7. Be2 Bg7 8. Be3
Be6 9. g4 Nc6 10. g5 Nd7 11. Qd2 Rc8 12. f4 h6 13. gxh6 Bxh6 14. O-O-O Bxb3 15.
cxb3 Qa5 16. Kb1 Nc5 17. Bc4 b5 18. Bd5 Nb4 19. e5 dxe5 20. a3 Nxd5 21. Qxd5 Qc7
22. Bxc5 Qxc5 23. Qd7+ Kf8 24. fxe5 Kg7 25. Rd5 Qe3 26. Rf1 Bg5 27. e6 Bf6 28.
Rxf6 Kxf6 29. exf7 Qe6 30. Qa7 Kxf7 31. Qf2+ Qf6 32. Qd2 Rh4 33. Rd3 Qf5 34. Ka2
b4 35. axb4 Rxb4 36. Nd5 Rb5 37. Rd4 Rd8 38. Rf4 Rdxd5 39. Rxf5+ Rxf5 40. b4 Rf6
41. Ka3 Rfb6 42. Qf4+ Kg8 43. Qc4+ Kf8 44. Qc8+ Kf7 45. Qc4+ Kf8 46. Qc8+ Kg7
47. Qc3+ Rf6 48. Qc7 Re6 49. Qc3+ Kf7 50. Qc4 Kf6 51. Qh4+ Kg7 52. Qd4+ Kf7 53.
Qc4 g5 54. h4 gxh4 55. Qxh4 Reb6 56. Qg4 Rxb4 57. Qf5+ 1/2-1/2

[Event "World Rapid 2025"]
[Site "Doha QAT"]
[Date "2025.12.27"]
[Round "7.48"]
[White "Aditya, Mittal"]
[Black "Iturrizaga Bonelli, Eduardo"]
[Result "0-1"]
[WhiteTitle "GM"]
[BlackTitle "GM"]
[WhiteElo "2624"]
[BlackElo "2592"]
[WhiteFideId "35042025"]
[BlackFideId "3901211"]
[EventDate "2025.12.26"]

1. e4 c6 2. d4 d5 3. e5 Bf5 4. Nf3 e6 5. Be2 a5 6. O-O Nd7 7. a4 Bg6 8. Nbd2 Nh6
9. Re1 Be7 10. Nf1 Nf5 11. c3 O-O 12. Ne3 Qb6 13. Bd3 Nxe3 14. Bxe3 Bxd3 15.
Qxd3 Rfc8 16. g4 c5 17. h4 cxd4 18. Bxd4 Nc5 19. Qb1 Qc6 20. Qc2 b5 21. axb5
Qxb5 22. h5 Rab8 23. Re2 Nd3 24. Be3 Qxb2 25. Qxb2 Rxb2 26. Rxb2 Nxb2 27. Rxa5
Nc4 28. Ra4 Nxe3 29. fxe3 h6 30. e4 Rxc3 31. Kg2 dxe4 32. Rxe4 Bc5 33. Ra4 Kh7
34. Rf4 Kg8 35. Ra4 Be3 36. Kg3 Kh7 37. Rb4 g5 38. hxg6+ Kxg6 39. Rb8 Rc4 40.
Rb2 Bf4+ 41. Kf2 Kg7 42. Re2 Kg6 43. Ra2 h5 44. gxh5+ Kxh5 45. Ra7 Kg4 46. Ng1
Bg3+ 47. Ke2 Rf4 48. Ra8 Re4+ 49. Kd3 Rxe5 50. Rf8 Rf5 51. Ne2 Be5 52. Ke4 Kg5
53. Nc1 Bd6 54. Rd8 Rf4+ 55. Kd3 Be5 56. Ne2 Rh4 57. Ng1 Kf6 58. Nf3 Ra4 59. Rd7
Bf4 60. Nd4 e5 61. Nc6 Ke6 62. Rb7 f6 63. Rb6 Kf5 64. Ne7+ Kg5 65. Ke2 e4 66.
Rb5+ Kg4 67. Nd5 Ra2+ 68. Kd1 Ra1+ 69. Ke2 Ra2+ 70. Kd1 Kf3 71. Nxf6 Rd2+ 72.
Ke1 e3 73. Nh5 Rh2 0-1

[Event "World Rapid 2025"]
[Site "Doha QAT"]
[Date "2025.12.27"]
[Round "7.49"]
[White "Chasin, Nico"]
[Black "Pranav, V"]
[Result "1/2-1/2"]
[WhiteTitle "IM"]
[BlackTitle "GM"]
[WhiteElo "2517"]
[BlackElo "2641"]
[WhiteFideId "30908477"]
[BlackFideId "25060783"]
[EventDate "2025.12.26"]

1. d4 Nf6 2. c4 e6 3. Nf3 Bb4+ 4. Nbd2 b6 5. a3 Bxd2+ 6. Bxd2 Bb7 7. e3 O-O 8.
Bd3 d6 9. O-O Nbd7 10. Bc3 Ne4 11. Bxe4 Bxe4 12. d5 e5 13. Nd2 Bd3 14. Re1 Bg6
15. e4 f5 16. f4 exf4 17. e5 dxe5 18. Bxe5 Nxe5 19. Rxe5 Qf6 20. Nf3 Rfe8 21.
Qd4 Rxe5 22. Nxe5 Re8 23. Re1 f3 24. gxf3 f4 25. b4 Qg5+ 26. Kf1 Bf5 27. Re2 Qh4
28. Qf2 Qg5 29. Qd4 h6 30. Ke1 a6 31. Kd2 Kh7 32. Kc3 Qh4 33. c5 bxc5 34. bxc5
a5 35. Kb3 Rb8+ 36. Ka4 Qe7 37. Rg2 Rb1 38. Qxf4 Qf6 39. Qd4 Rc1 40. Kb3 Rb1+
41. Rb2 a4+ 42. Kb4 Re1 43. Nc6 Qg5 44. Qd2 Qh4+ 45. Ka5 Re8 46. Rb8 Rxb8 47.
Nxb8 Qc4 48. Qb4 Qxd5 49. Na6 c6 50. f4 Qd8+ 51. Qb6 Qd2+ 52. Nb4 Be4 53. Qc7
Qxh2 54. Nxc6 Qg3 55. Nb4 Qxa3 56. Qe5 Qf3 57. c6 Bxc6 58. Qf5+ Kg8 59. Qe6+ Kh7
60. Qf5+ Kg8 61. Qe6+ Kh8 62. Qc8+ Kh7 1/2-1/2

[Event "World Rapid 2025"]
[Site "Doha QAT"]
[Date "2025.12.27"]
[Round "7.50"]
[White "Gharibyan, Mamikon"]
[Black "Indjic, Aleksandar"]
[Result "0-1"]
[WhiteTitle "GM"]
[BlackTitle "GM"]
[WhiteElo "2491"]
[BlackElo "2635"]
[WhiteFideId "13308300"]
[BlackFideId "911925"]
[EventDate "2025.12.26"]

1. d4 Nf6 2. c4 e6 3. Nf3 c5 4. d5 d6 5. Nc3 exd5 6. cxd5 g6 7. Bf4 Bg7 8. e3
O-O 9. h3 Ne8 10. Be2 Nd7 11. O-O Ne5 12. Nd2 f5 13. Bh2 Rb8 14. Rb1 Nc7 15. b4
Nf7 16. Nb5 Nxb5 17. Bxb5 a6 18. Be2 cxb4 19. Rxb4 b5 20. Rb1 Bd7 21. Nb3 Qb6
22. Nd4 Bxd4 23. exd4 Rfe8 24. Qd2 b4 25. Rfd1 a5 26. Bf4 Bb5 27. Bf3 Bc4 28.
Rdc1 Qb5 29. a3 b3 30. a4 Qxa4 31. Qc3 Be2 32. Bxe2 Rxe2 33. Qc6 Qxd4 34. Be3
Qd3 35. Qc7 Qb5 36. Rc6 a4 37. Qa7 Rf8 38. Rb6 Qd3 39. Rf1 b2 40. Qxa4 Rxe3 41.
Rxb2 Re7 42. Rd1 Qc3 43. Rc2 Re1+ 44. Kh2 Qe5+ 45. f4 Qe3 46. Rxe1 Qxe1 47. Qd4
Qe7 48. Ra2 Qe4 49. Qxe4 fxe4 50. Re2 Re8 51. g4 g5 52. Kg3 h6 53. h4 Kg7 54.
hxg5 hxg5 55. fxg5 Nxg5 56. Kf4 Kg6 0-1